000 00549pam a2200181 a 4500
020 _a8180614638
_c325.00
041 _aeng
_hNULL
082 _a618.2
_bSIN
100 _aSINGH, K .
245 _aSTEP BY STEP TIPS & TRICKS OF ULTRASOUND IN OBSTETRICS GYNAECOLOGY & INFERTILITY /
_cNULL.
_hTextual Documents
260 _aNULL :
_bJAYPEE BROTHERS MEDICAL PUB. ,
_c2005.
300 _a213 : :
_bx ; ;
_cA4 . +
_ePB.
365 _a325.00
907 _a4958
_a4959
_a4960
_a4961
_a4962
930 _a872
999 _c795408
_d795408
650 _aOBST.GYNE